00911 a2200169 4500003000500000005001700005040000900022082001300031100002600044245008800070260003100158300001300189505038700202942001200589999001900601952012100620Nust20221221113455.0 cNust a158, DUN aKnight Dunlap9105500 aCivilized Life bThe Principles and Application of Social PsychologycKnight Dunlap alondonbGeorge Allenc1934 aix,374p; aThe Basis of Social Psychology (Page-1), Races and Civilization (Page-41), Desire (Page-61), Sex Differences (Page-107), Marriage and Family (Page-134), The Childs as Member of the Groups (Page-183), Religious Organization (Page-194), Political Organization (Page-229), Social Progress and Eugenics (Page-254), The Principles of Social Functions (Page-299), Propagation (Page-351). 2ddccBK c193814d193814 00102ddc4070aMCSbMCScGENd2016-12-12o158,DUNpMCS30038r2016-12-08w2016-12-12yBKzAlmirah No.46, Shelf No.5